000 00441nam a2200181Ia 4500
008 230524s9999 xx 000 0 und d
020 _a978811718384
082 _a658.45
_bBOV
100 _aL.Courtland Bovee
245 0 _aBusiness Communication Today
250 _a7TH
260 _aNEW DELHI
_bPearson
_c2003
300 _aXXXVI;661
500 _aQuantity Number: 215
650 _aEnglish
700 _a John V. Thill
942 _cBK
999 _c4597
_d4597